[Event "IECG TE.2000.F.00301 email"]
[Site "IECG email"]
[Date "2001.08.05"]
[Round "?"]
[White "Queiroz, Jose Florencio"]
[Black "Waerstad, Leif Edvin"]
[Result "0-1"]
[WhiteElo "1907"]
[BlackElo "1464"]
[PlyCount "54"]
[EventDate "2001.08.05"]
[EventType "tourn (corr)"]
[EventRounds "14"]
[SourceTitle "Corr 2008"]
[Source "ChessBase"]
[SourceDate "2008.06.24"]
[SourceVersion "1"]
[SourceVersionDate "2008.06.24"]
[SourceQuality "1"]

1. e4 e5 2. Nf3 Nc6 3. Bb5 f5 4. Nc3 fxe4 5. Nxe4 d5 6. Nxe5 dxe4 7. Nxc6 Qd5 8. c4 Qd6 9. Nxa7+ Bd7 10. Bxd7+ Qxd7 11. Qh5+ g6 12. Qe5+ Kf7 13. Qxh8 Nf6 14. Nb5 Rd8 15. 0-0 Bg7 16. Qxd8 Qxd8 17. Re1 c6 18. Na3 Qd4 19. h3 Bh6 20. Rb1 Qd3 21. c5 Nd5 22. b4 Nf4 23. Rb3 Qd5 24. Nc2 Nd3 25. Rf1 Nxc1 26. Rxc1 Qxd2 27. Rbb1 Qe2 0-1

[Event "IECG TE.2000.F.00301 email"]
[Site "IECG email"]
[Date "2001.08.05"]
[Round "?"]
[White "Sabean, Steven"]
[Black "Queiroz, Jose Florencio"]
[Result "1-0"]
[WhiteElo "1422"]
[BlackElo "1907"]
[PlyCount "41"]
[EventDate "2001.08.05"]
[EventType "tourn (corr)"]
[EventRounds "14"]
[SourceTitle "Corr 2008"]
[Source "ChessBase"]
[SourceDate "2008.06.24"]
[SourceVersion "1"]
[SourceVersionDate "2008.06.24"]
[SourceQuality "1"]

1. e4 e5 2. Nf3 Nc6 3. Bb5 f5 4. Nc3 fxe4 5. Nxe4 Nf6 6. Qe2 d6 7. d4 Bd7 8. Nxf6+ gxf6 9. Ng5 h5 10. Qd3 f5 11. d5 Ne7 12. Ne6 Qc8 13. Bxd7+ Qxd7 14. Bg5 c6 15. c4 cxd5 16. cxd5 Rc8 17. 0-0 e4 18. Qh3 Nxd5 19. Qxf5 Ne7 20. Qxe4 Bh6 21. Bxe7 1-0

[Event "IECG C1.2001.0.00339"]
[Site "IECG email"]
[Date "2001.??.??"]
[Round "?"]
[White "Ponciano, Manuel"]
[Black "Queiroz, Jose Florencio"]
[Result "1/2-1/2"]
[WhiteElo "1800"]
[BlackElo "1916"]
[PlyCount "31"]
[EventDate "2001.02.18"]
[EventType "tourn (corr)"]
[EventRounds "6"]
[SourceTitle "Corr 2008"]
[Source "ChessBase"]
[SourceDate "2008.06.24"]
[SourceVersion "1"]
[SourceVersionDate "2008.06.24"]
[SourceQuality "1"]

1. e4 e5 2. Nf3 Nc6 3. d4 exd4 4. Nxd4 Bc5 5. Nb3 Bb6 6. a4 a6 7. Nc3 d6 8. Nd5 Ba7 9. Be3 Bxe3 10. Nxe3 Nf6 11. Bd3 0-0 12. 0-0 Be6 13. c4 Qe7 14. Nd5 Bxd5 15. exd5 Nb4 16. Re1 1/2-1/2

[Event "IECG TE.2000.P.00305 email"]
[Site "IECG email"]
[Date "2000.04.14"]
[Round "?"]
[White "Godden, Daniel"]
[Black "Queiroz, Jose Florencio"]
[Result "0-1"]
[WhiteElo "1040"]
[BlackElo "1917"]
[PlyCount "48"]
[EventDate "2000.04.14"]
[EventType "tourn (corr)"]
[EventRounds "12"]
[SourceTitle "Corr 2008"]
[Source "ChessBase"]
[SourceDate "2008.06.24"]
[SourceVersion "1"]
[SourceVersionDate "2008.06.24"]
[SourceQuality "1"]

1. e4 e5 2. Nf3 Nc6 3. Bb5 f5 4. d4 fxe4 5. Nxe5 Nxe5 6. dxe5 c6 7. Be2 Qa5+ 8. Bd2 Qxe5 9. Bc3 Qg5 10. Bh5+ Kd8 11. 0-0 d5 12. Ba5+ b6 13. Bd2 Qh4 14. c4 Nf6 15. Be2 d4 16. g3 Qh3 17. Bg5 d3 18. Re1 Bc5 19. Bf1 Bxf2+ 20. Kxf2 Qxh2+ 21. Bg2 Bh3 22. Rg1 Rf8 23. Qf1 Ke8 24. Bf4 Nd5 0-1

[Event "IECG TE.2000.P.00303 email"]
[Site "IECG email"]
[Date "2000.04.14"]
[Round "?"]
[White "Queiroz, Jose Florencio"]
[Black "Leoni, Rodolfo"]
[Result "1-0"]
[WhiteElo "1917"]
[BlackElo "2002"]
[PlyCount "35"]
[EventDate "2000.04.14"]
[EventType "tourn (corr)"]
[EventRounds "8"]
[SourceTitle "Corr 2008"]
[Source "ChessBase"]
[SourceDate "2008.06.24"]
[SourceVersion "1"]
[SourceVersionDate "2008.06.24"]
[SourceQuality "1"]

1. e4 e5 2. Nf3 Nc6 3. Bb5 f5 4. Nc3 fxe4 5. Nxe4 Nf6 6. Nxf6+ Qxf6 7. Qe2 Be7 8. Bxc6 dxc6 9. Nxe5 0-0 10. d4 Bd6 11. 0-0 c5 12. Be3 Bf5 13. f4 Rae8 14. Rae1 cxd4 15. Bxd4 Qe6 16. Qb5 b6 17. c4 a6 18. Qa4 1-0

[Event "IECG TE.2000.P.00303 email"]
[Site "IECG email"]
[Date "2000.04.14"]
[Round "?"]
[White "Queiroz, Jose Florencio"]
[Black "Wood, Brian B"]
[Result "1-0"]
[WhiteElo "1917"]
[BlackElo "772"]
[PlyCount "49"]
[EventDate "2000.04.14"]
[EventType "tourn (corr)"]
[EventRounds "8"]
[SourceTitle "Corr 2008"]
[Source "ChessBase"]
[SourceDate "2008.06.24"]
[SourceVersion "1"]
[SourceVersionDate "2008.06.24"]
[SourceQuality "1"]

1. e4 e5 2. Nf3 Nc6 3. Bb5 f5 4. Nc3 Nf6 5. exf5 d6 6. d4 exd4 7. Nxd4 Qe7+ 8. Ne4 Qxe4+ 9. Qe2 Bd7 10. Qxe4+ Nxe4 11. Bxc6 Bxc6 12. Be3 0-0-0 13. Nxc6 bxc6 14. Bxa7 d5 15. f3 Ng5 16. Be3 Nf7 17. 0-0-0 Ne5 18. Bd4 Rg8 19. Bxe5 Bd6 20. Rhe1 Bxe5 21. Rxe5 Rde8 22. f4 Kd7 23. Rde1 Rxe5 24. fxe5 Re8 25. Re3 1-0

[Event "IECG C1.1999.0.00234"]
[Site "IECG email"]
[Date "1999.09.06"]
[Round "?"]
[White "Hruby, Milan"]
[Black "Queiroz, Jose Florencio"]
[Result "1-0"]
[WhiteElo "2030"]
[BlackElo "1924"]
[PlyCount "93"]
[EventDate "1999.09.06"]
[EventType "tourn (corr)"]
[EventRounds "6"]
[SourceTitle "Corr 2008"]
[Source "ChessBase"]
[SourceDate "2008.06.24"]
[SourceVersion "1"]
[SourceVersionDate "2008.06.24"]
[SourceQuality "1"]

1. e4 c6 2. d4 d5 3. Nc3 dxe4 4. Nxe4 Nd7 5. Bc4 Ngf6 6. Ng5 e6 7. Qe2 Nb6 8. Bb3 h6 9. N5f3 a5 10. c3 c5 11. dxc5 Bxc5 12. Ne5 0-0 13. Ngf3 Nfd5 14. Bd2 a4 15. Bc2 a3 16. b3 Qc7 17. 0-0 Nd7 18. Qd3 f5 19. Nxd7 Bxd7 20. Rfe1 Rad8 21. h3 Bc6 22. Qe2 Rfe8 23. Ne5 Bd6 24. Rad1 Bxe5 25. Qxe5 Qxe5 26. Rxe5 Nf6 27. f3 Rd6 28. Ree1 Red8 29. Bc1 Rxd1 30. Rxd1 Rxd1+ 31. Bxd1 Nd5 32. Bd2 g5 33. c4 Nf4 34. Bb4 e5 35. Bxa3 e4 36. Bc1 Kf7 37. fxe4 fxe4 38. Be3 Kf6 39. h4 Kf5 40. hxg5 hxg5 41. b4 Bd7 42. b5 Nd3 43. a4 Nb2 44. Bb3 Nd3 45. a5 Ne5 46. Kf2 Bc8 47. c5 1-0

[Event "IECG C1.1999.0.00234"]
[Site "IECG email"]
[Date "1999.09.06"]
[Round "?"]
[White "Queiroz, Jose Florencio"]
[Black "Sherwood, Russell"]
[Result "1-0"]
[WhiteElo "1924"]
[BlackElo "2000"]
[PlyCount "27"]
[EventDate "1999.09.06"]
[EventType "tourn (corr)"]
[EventRounds "6"]
[SourceTitle "Corr 2008"]
[Source "ChessBase"]
[SourceDate "2008.06.24"]
[SourceVersion "1"]
[SourceVersionDate "2008.06.24"]
[SourceQuality "1"]

1. e4 c5 2. Nf3 Nc6 3. d4 cxd4 4. Nxd4 Qb6 5. Nb3 e6 6. Be3 Qc7 7. Bd3 Nf6 8. 0-0 d5 9. Nc3 dxe4 10. Nxe4 Be7 11. Qe2 0-0 12. Rad1 Nd5 13. Bd2 Ne5 14. c4 1-0

[Event "IECG WC.2002.P.00003 email"]
[Site "IECG email"]
[Date "1999.??.??"]
[Round "?"]
[White "Itter, Erik"]
[Black "Queiroz, Jose Florencio"]
[Result "1-0"]
[WhiteElo "800"]
[BlackElo "1925"]
[PlyCount "63"]
[EventDate "1999.02.21"]
[EventType "tourn (corr)"]
[EventRounds "10"]
[SourceTitle "Corr 2008"]
[Source "ChessBase"]
[SourceDate "2008.06.24"]
[SourceVersion "1"]
[SourceVersionDate "2008.06.24"]
[SourceQuality "1"]

1. c4 e5 2. Nc3 Nf6 3. Nf3 Nc6 4. g3 Bb4 5. Bg2 0-0 6. 0-0 e4 7. Ne1 Bxc3 8. dxc3 h6 9. Nc2 b6 10. Ne3 Bb7 11. Qc2 Re8 12. f4 exf3 13. exf3 Ne5 14. b3 Ng6 15. a4 a5 16. Nf5 Ne7 17. Nxh6+ gxh6 18. Bxh6 d5 19. Rad1 Qd6 20. Qc1 Nh5 21. Qg5+ Qg6 22. cxd5 Nxd5 23. Qxg6+ fxg6 24. f4 c6 25. f5 Nxc3 26. Rd6 gxf5 27. Rxf5 Re1+ 28. Kf2 Re2+ 29. Kg1 Ng7 30. Rg5 Re1+ 31. Bf1 Rxf1+ 32. Kxf1 1-0

[Event "IECG WC.2002.P.00003 email"]
[Site "IECG email"]
[Date "1999.??.??"]
[Round "?"]
[White "Queiroz, Jose Florencio"]
[Black "Evans, Gordon R"]
[Result "1/2-1/2"]
[WhiteElo "1925"]
[BlackElo "2144"]
[PlyCount "114"]
[EventDate "1999.02.21"]
[EventType "tourn (corr)"]
[EventRounds "10"]
[SourceTitle "Corr 2008"]
[Source "ChessBase"]
[SourceDate "2008.06.24"]
[SourceVersion "1"]
[SourceVersionDate "2008.06.24"]
[SourceQuality "1"]

1. e4 e6 2. d4 d5 3. Nc3 Bb4 4. e5 c5 5. a3 Bxc3+ 6. bxc3 Ne7 7. Qg4 Kf8 8. Nf3 Qa5 9. Bd2 Qa4 10. Ra2 b6 11. Bd3 Ba6 12. 0-0 Bxd3 13. cxd3 Nbc6 14. h4 c4 15. dxc4 Qxc4 16. Rb2 Na5 17. h5 h6 18. Rfb1 Qa4 19. Ra2 Rc8 20. Ne1 Nc4 21. Rb4 Qd7 22. Bf4 Nc6 23. Rb1 N6a5 24. Bg3 Kg8 25. Bh4 Kh7 26. Nd3 Rc7 27. Nb4 Nb7 28. Na6 Rcc8 29. a4 Nba5 30. Nb4 Nc6 31. Nd3 Rc7 32. Bg3 Rhc8 33. Bf4 Ne7 34. Bc1 Nf5 35. Qf4 Kg8 36. g4 Ne7 37. Nb2 Nxb2 38. Bxb2 Rc4 39. a5 b5 40. a6 Ra4 41. Rxa4 bxa4 42. Ba3 Rxc3 43. Rb7 Rc7 44. Rb8+ Rc8 45. Rxc8+ Nxc8 46. g5 Ne7 47. gxh6 Nf5 48. hxg7 Kxg7 49. Bc5 Kh7 50. Qg5 Qb5 51. Qf6 Qb1+ 52. Kh2 Nh6 53. Kg2 Qe4+ 54. Qf3 Qc2 55. Qf6 Qe2 56. Bf8 Qg4+ 57. Kf1 Qd1+ 1/2-1/2

[Event "IECG WC.2002.P.00003 email"]
[Site "IECG email"]
[Date "1999.??.??"]
[Round "?"]
[White "Queiroz, Jose Florencio"]
[Black "Rizzi, Davide"]
[Result "1/2-1/2"]
[WhiteElo "1925"]
[BlackElo "1563"]
[PlyCount "55"]
[EventDate "1999.02.21"]
[EventType "tourn (corr)"]
[EventRounds "10"]
[SourceTitle "Corr 2008"]
[Source "ChessBase"]
[SourceDate "2008.06.24"]
[SourceVersion "1"]
[SourceVersionDate "2008.06.24"]
[SourceQuality "1"]

1. d4 d5 2. c4 c6 3. Nf3 dxc4 4. e3 b5 5. a4 Nf6 6. axb5 cxb5 7. b3 Be6 8. Nbd2 Qc7 9. bxc4 bxc4 10. Qa4+ Bd7 11. Qxc4 Qxc4 12. Bxc4 e6 13. 0-0 Nc6 14. Ba3 Bxa3 15. Rxa3 0-0 16. Ne5 Nxe5 17. dxe5 Ng4 18. f4 Bc6 19. h3 Rfd8 20. Nf3 Bxf3 21. Rxf3 Nh6 22. e4 Rd4 23. Bb5 Rb8 24. Rfb3 Rxe4 25. Bc6 Reb4 26. Rxb4 Rxb4 27. Rxa7 g6 28. Ra4 1/2-1/2